Výkonnosť ekonomiky a ekonomický rast - teoretické východiská a aplikácia v podmienkach SR

Makroekonomické ukazovatele výkonnosti ekonomiky - hrubý domáci produkt, miera nezamestnanosti a inflácia. Teoretické východiská výkonnosti ekonomiky. Charakteristika ekonomického rastu podľa S. Kuznetsa. Výkonnosť ekonomiky a ekonomický rast - aplikácia v podmienkach Slovenskej republiky. Vývoj a š...

Ausführliche Beschreibung

Gespeichert in:
Bibliographische Detailangaben
1. Verfasser: Grofčíková, Janka
Format: Buchkapitel
Sprache:Slowakisch
Schlagworte:
Tags: Tag hinzufügen
Keine Tags, Fügen Sie das erste Tag hinzu!

MARC

LEADER 00000naa$a2200000$$$4500
001 0112803
005 20231116102755.5
041 0 |a slo 
044 |a SK 
245 1 0 |a Výkonnosť ekonomiky a ekonomický rast - teoretické východiská a aplikácia v podmienkach SR  |c Janka Grofčíková 
520 |a Makroekonomické ukazovatele výkonnosti ekonomiky - hrubý domáci produkt, miera nezamestnanosti a inflácia. Teoretické východiská výkonnosti ekonomiky. Charakteristika ekonomického rastu podľa S. Kuznetsa. Výkonnosť ekonomiky a ekonomický rast - aplikácia v podmienkach Slovenskej republiky. Vývoj a štruktúra HDP (1993-2007). Vývoj nezamestnanosti a miery inflácie (1993-2007). 
610 2 0 |a výkonnosť ekonomiky 
610 2 0 |a rast hospodársky 
610 2 0 |a ukazovatele makroekonomické 
610 2 0 |a produkt domáci hrubý 
610 2 0 |a nezamestnanosť 
610 2 0 |a inflácia 
610 2 0 |a teórie ekonomické 
610 2 0 |a Slovensko 
100 1 |a Grofčíková, Janka